Kawasaki - Statistiques

Statistiques générales
  • Ce quiz a été pris 6 fois
  • Le résultat moyen est 4 sur 8
Statistiques - réponses
Hint Réponse % Correct
C Conjonctives hyperémiées
75%
Traitement Gammaglobuline + Aspirine
75%
R Rash
75%
Burn (durée minimale) 5 jours
50%
A Adénopathie cervicale
50%
H Gonflement main/pied
25%
S Langue framboisée/lèvres fissurées
25%
Complication Vasculite des coronaires
25%
Aucun quiz correspondant
Distribution des résultats
% des personnes avec chaque résultat
Percentile par nombre de réponses
Votre historique - résultats
Vous n’avez pas pris ce quiz